00230nam a2200097Ia 4500008004100000100000900041245002900050260002900079942000700108999001700115190216s9999||||xx |||||||||||||| ||und|| aNull 0aHindi-Aat Achi Kahaniyam bBharathy Sahithya Mandir cBK c16973d16973